Spotrebiteľské vnímanie dizajnérskych taburetiek

Spotrebiteľské vnímanie dizajnových produktov - taburetiek. Taburetky, ako nové produkty, navrhnuté študentmi, ktoré spotrebitelia ešte nepoznajú. Realizovaný spotrebiteľský prieskum prostredníctvom štandardizovaného dotazníka.

Gespeichert in:
Bibliographische Detailangaben
1. Verfasser: Garasová, Petra, 1993-
Format: Buchkapitel
Sprache:Slowakisch
Schlagworte:
Tags: Tag hinzufügen
Keine Tags, Fügen Sie das erste Tag hinzu!

MARC

LEADER 00000naa a2200000 4500
001 0263394
005 20240502074201.2
041 0 |a slo 
044 |a SK 
245 1 0 |a Spotrebiteľské vnímanie dizajnérskych taburetiek  |c Petra Garasová 
520 |a Spotrebiteľské vnímanie dizajnových produktov - taburetiek. Taburetky, ako nové produkty, navrhnuté študentmi, ktoré spotrebitelia ešte nepoznajú. Realizovaný spotrebiteľský prieskum prostredníctvom štandardizovaného dotazníka. 
610 2 0 |a spotrebitelia 
610 2 0 |a správanie spotrebiteľa 
610 2 0 |a nábytok 
610 2 0 |a dizajn 
100 1 |a Garasová, Petra, 1993-